|
|
|
|
| LEADER |
00000nab a2200000 a 4500 |
| 001 |
vtls009172942 |
| 003 |
SK-MaSNL |
| 005 |
20260304000632.0 |
| 008 |
080111c20071207xo dr n 000 00slo |
| 038 |
|
|
|a SVKPOCL
|
| 040 |
|
|
|a SVKPOCL
|b slo
|c AACR2
|e AACR2
|
| 041 |
|
|
|a slo
|
| 044 |
|
|
|a xo
|c SK
|
| 080 |
|
|
|a 796.332
|2 2001
|
| 100 |
1 |
|
|a Jacoš, Ján,
|d 1963-
|4 ivr
|4 aut
|9 11515
|
| 245 |
1 |
0 |
|a Roman Pivarník: mužstvo má charakter
|b prvoligisti 1. FC Tatran Prešov zimujú s rekordným náskokom
|c [zhováral sa] (jac)
|
| 300 |
|
|
|a Fotogr.
|
| 600 |
1 |
7 |
|a Pivarník, Roman,
|d 1967-
|2 svkpocl
|9 107444
|
| 610 |
2 |
7 |
|a FC Tatran Prešov
|2 svkpocl
|9 214919
|
| 650 |
0 |
7 |
|a futbal
|x I. liga
|2 svkpocl
|9 1276426
|
| 651 |
|
7 |
|a Prešov (Slovensko)
|2 svkpocl
|9 17347
|
| 700 |
1 |
|
|a Pivarník, Roman,
|d 1967-
|4 ive
|4 aut
|9 107444
|
| 773 |
0 |
|
|t Prešovský večerník
|g Roč. XVIII, č. 4343 (7.12.2007), s. 19
|x 1336-4030
|
| 852 |
|
|
|a SVKPO
|b KIS3GCP
|
| 856 |
4 |
1 |
|u www.vecernik.po.sk
|
| 958 |
|
|
|a RG
|
| 999 |
|
|
|c 2532142
|d 2534072
|